Biblioteca

El adulterio : (Registro nro. 71037)

Detalles MARC
000 -LÍDER
Campo fijo de descripción fija 01649nam a2200325 i 4500
001 - NÚMERO DE CONTROL
Campo de control 768714001
003 - IDENTIFICADOR DEL NÚMERO DE CONTROL
Campo de control CO-MdFUSB
005 - FECHA Y HORA DE LA ULTIMA TRANSACCIÓN
control field 20260317164436.0
007 - CAMPO FIJO DE DESCRIPCIÓN FIJA--INFORMACIÓN GENERAL
Campo fijo de descripción fija ta
008 - ELEMENTOS DE LONGITUD FIJA -- INFORMACIÓN GENERAL
Campo fijo de descripción fija -- Información general 241006t2009 -us||||| |||| 001 0 spa d
020 ## - NÚMERO INTERNACIONAL NORMALIZADO PARA LIBROS
Número Internacional Normalizado del libro 978-1-60255-365-1
040 ## - FUENTE DE CATALOGACIÓN
Idioma de catalogación spa.
Agencia de catalogación original CO-MdFUSB
Agencia que realiza la transcripción CO-MdFUSB
Agencia que realiza la modificación CO-MdFUSBC
Convenciones de la descripción rda
041 ## - CÓDIGO DE IDIOMA
Código de idioma para texto/pista de sonido o título separado spa
082 ## - NÚMERO DE CLASIFICACIÓN DECIMAL DEWEY
Número de la edición del Dewey 23
Número de clasificación 248.4
Clave de autor-Numero de item H812
100 ## - ASIENTO PRINCIPAL--NOMBRE PERSONAL
Nombre personal Hormachea, David
Término relacionador autor
245 13 - TÍTULO
Título del Material El adulterio :
Parte restante del título - Subtitulo ¿qué hago?
Mención de responsabilidad, etc. / David Hormachea
264 #1 - PRODUCCIÓN, PUBLICACIÓN, DISTRIBUCIÓN, MANUFACTURA, Y COPYRIGHT
Lugar de producción, publicación, distribución, manufactura Nashville, Tennessee, Estados Unidos :
Nombre del productor, publicador, distribuidor Grupo Nelson,
Fecha de producción, publicación, distribución, manufactura, o copyright [2009]
264 #4 - PRODUCCIÓN, PUBLICACIÓN, DISTRIBUCIÓN, MANUFACTURA, Y COPYRIGHT
Fecha de producción, publicación, distribución, manufactura, o copyright ©2009
300 ## - DESCRIPCIÓN FÍSICA
Extensión 268 páginas
Dimensiones ; 23 cm
336 ## - TIPO DE CONTENIDO
Fuente rdacontent
Término de tipo de contenido texto
Código de tipo de contenido txt
337 ## - TIPO DE MEDIO
Fuente rdamedia
Nombre del tipo de medio sin mediación
Código del tipo de medio n
338 ## - TIPO DE SOPORTE
Fuente rdacarrier
Nombre del tipo de soporte volumen
Código Tipo de soporte nc
500 ## - NOTA GENERAL
Nota General Incluye índice general
505 ## - NOTA DE CONTENIDO
Nota de contenido con formato preestablecido Nuestra pecaminosidad: Una realidad innegable. -- Cualquiera que codicia a otra persona. -- La terrible caída de un hombre conforme al corazón de Dios. -- Razones que motivan a cometer adulterio. -- Manifestaciones distintas del mismo pecado. -- El cónyuge infiel: Pasos del envolvimiento pecaminoso. -- La confrontación sabia de un pecado terrible. -- Consecuencias dolorosas de un pecado grave. -- Experiencias dolorosas actuales para promover la fidelidad. -- La restauración bíblica del pecador arrepentido. -- La forma constructiva de enfrentar una experiencia destructiva. -- Indicaciones concretas para la restauración en la congregación. -- Cartas de amor para quienes las necesitan.
563 ## - NOTA DE ENCUADERNACIÓN
Nota de encuadernación Rústica
650 #7 - ASIENTO SECUNDARIO DE MATERIA - TERMINO TEMÁTICO
Término temático o nombre geográfico como elemento de entrada Adulterio
9 (RLIN) 302
653 ## - TÉRMINO DE INDIZACIÓN - NO CONTROLADO
Término no controlado Guía práctica de vida cristiana - Consejería
942 ## - TIPO DE MATERIAL (KOHA)
Tipo de Item KOHA Libros General
945 ## - INFORMACIÓN LOCAL DEL REGISTRO
Catalogador Catherine Arias Alvarez
Existencias
Estado de Material Estado de Perdido Forma de Clasificación Volumen-Parte/Tomo Estado de Dañado No para Préstamo Colección Tomo Biblioteca de Origen Biblioteca Permanente Fecha de Adquisición Área Total de Préstamos Signatura Topográfica Código de Barras Última vez visto Ejemplar/Existencia Fecha de Remplazo Tipo de Material
    Dewey Decimal Classification       Colección General   Biblioteca FUSBC Biblioteca FUSBC 07/10/2024 VIDA CRISTIANA   G 248.4 H812a 25108 06/10/2024 Ej. 1 06/10/2024 Libros General

Biblioteca FUSBC | Teléfono: (57+4) 349 88 10 Ext. 141| WhatsApp (+57) 3005338115 
E-mail: biblioteca@unisbc.edu.co | Calle 76 87-14 Robledo Palenque, Medellín, Colombia

Con tecnología Koha